[Event "ARG-chT"]
[Site "Villa Martelli"]
[Date "2008.09.20"]
[Round "7"]
[White "Recoulat, Eduardo Juan"]
[Black "Sola, Ruben"]
[Result "0-1"]
[WhiteElo "2263"]
[BlackElo "2338"]
[PlyCount "80"]
[EventDate "2008.08.09"]
[EventType "team-tourn"]
[EventRounds "9"]
[EventCountry "ARG"]
[SourceTitle "EXT 2009"]
[Source "ChessBase"]
[SourceDate "2008.11.26"]
[SourceVersion "1"]
[SourceVersionDate "2008.11.26"]
[SourceQuality "1"]

1. d4 Nf6 2. c4 e6 3. Nf3 Bb4+ 4. Bd2 Qe7 5. g3 Nc6 6. Bg2 Bxd2+ 7. Nbxd2 d6 8. 0-0 0-0 9. e4 e5 10. d5 Nb8 11. b4 a5 12. a3 Bg4 13. Qb3 Na6 14. Rfc1 c6 15. dxc6 bxc6 16. Rab1 axb4 17. axb4 Rfb8 18. Qc3 c5 19. b5 Nb4 20. Rf1 Ra2 21. Rb2 Ra4 22. h3 Bxf3 23. Bxf3 Rba8 24. Nb3 h5 25. Rd1 Qe6 26. Kg2 g6 27. Rbd2 Ne8 28. Be2 Ra3 29. Rb2 Qe7 30. Qd2 Kg7 31. h4 Qf6 32. Rdb1 Nc7 33. Nc1 Ne6 34. Nd3 Nxd3 35. Bxd3 Nd4 36. Be2 Qd8 37. b6 Rb8 38. b7 Ra7 39. Rb6 Qc7 40. Bxh5 Raxb7 0-1

[Event "Berazategui op"]
[Site "Berazategui"]
[Date "2007.04.??"]
[Round "2"]
[White "Kovalyov, Anton"]
[Black "Recoulat, Eduardo Juan"]
[Result "1/2-1/2"]
[WhiteElo "2475"]
[BlackElo "2267"]
[PlyCount "75"]
[EventDate "2007.04.??"]
[EventType "swiss"]
[EventRounds "7"]
[EventCountry "ARG"]
[SourceTitle "CBM 117 Extra"]
[Source "ChessBase"]
[SourceDate "2007.05.09"]
[SourceVersion "1"]
[SourceVersionDate "2007.05.09"]
[SourceQuality "1"]

1. c4 c6 2. Nf3 Nf6 3. Nc3 d5 4. e3 Bg4 5. cxd5 Bxf3 6. gxf3 cxd5 7. Qb3 Qd7 8. d4 Nc6 9. Bd2 e6 10. Rc1 Be7 11. Na4 0-0 12. Bb5 Rfc8 13. Ke2 Bd6 14. Rc2 e5 15. dxe5 Bxe5 16. Nc5 Qe7 17. Nxb7 Nd4+ 18. exd4 Bd6+ 19. Be3 Qxb7 20. Bd3 Qe7 21. Kd1 Rab8 22. Rxc8+ Rxc8 23. Bf5 Rb8 24. Qc3 g6 25. Bc2 Qb7 26. Kc1 Rc8 27. Qd3 Nh5 28. Kb1 Rb8 29. Bb3 a5 30. Qc2 Rc8 31. Bxd5 Qd7 32. Bc4 Qc7 33. Rc1 Rb8 34. h4 Ng7 35. Bb3 Qb7 36. Qc6 Nf5 37. Bd2 Qe7 38. Bc3 1/2-1/2

[Event "ARG-ch 79th"]
[Site "Buenos Aires"]
[Date "2004.09.30"]
[Round "8"]
[White "Reta, Miguel"]
[Black "Recoulat, Eduardo Juan"]
[Result "1/2-1/2"]
[WhiteElo "2188"]
[BlackElo "2301"]
[PlyCount "97"]
[EventDate "2004.09.24"]
[EventType "swiss"]
[EventRounds "9"]
[EventCountry "ARG"]
[SourceTitle "CBM 102 Extra"]
[Source "ChessBase"]
[SourceDate "2004.11.03"]
[SourceVersion "1"]
[SourceVersionDate "2004.11.03"]
[SourceQuality "1"]

1. Nf3 Nf6 2. c4 c6 3. Nc3 d5 4. cxd5 cxd5 5. d4 Nc6 6. Bf4 a6 7. e3 Bg4 8. Be2 e6 9. 0-0 Bd6 10. Bxd6 Qxd6 11. Rc1 0-0 12. a3 Rac8 13. h3 Bh5 14. Na4 b5 15. Nc5 Na5 16. Ne5 Bxe2 17. Qxe2 Nc4 18. Ned3 Nd7 19. Nxd7 Qxd7 20. Nc5 Qd6 21. b4 Ra8 22. Rc3 Qc6 23. Nb3 Rfc8 24. Rfc1 Qd6 25. f4 g6 26. Nc5 Rcb8 27. Rb1 Qc6 28. Nb3 Qd6 29. Nc5 Qe7 30. Rcb3 Qd6 31. Qd3 Qc6 32. Kh2 Qd6 33. Kg1 Qc6 34. Kh2 Rb6 35. g4 Kg7 36. Kg3 a5 37. bxa5 Rxa5 38. h4 Rb8 39. a4 Rb6 40. axb5 Raxb5 41. g5 Rxb3 42. Rxb3 Rxb3 43. Qxb3 Qa8 44. Nd7 Qa1 45. Qb8 Qg1+ 46. Kh3 Qxe3+ 47. Kh2 Qf2+ 48. Kh3 Qe3+ 49. Kh2 1/2-1/2

[Event "Vicente Lopez Cup CMSalud"]
[Site "Vicente Lopez"]
[Date "2004.07.14"]
[Round "6"]
[White "Recoulat, Eduardo Juan"]
[Black "Scarella, Enrique Alejandro"]
[Result "0-1"]
[WhiteElo "2301"]
[BlackElo "2348"]
[PlyCount "50"]
[EventDate "2004.07.09"]
[EventType "tourn"]
[EventRounds "11"]
[EventCountry "ARG"]
[EventCategory "2"]
[SourceTitle "CBM 101 Extra"]
[Source "ChessBase"]
[SourceDate "2004.09.01"]
[SourceVersion "2"]
[SourceVersionDate "2004.09.01"]
[SourceQuality "1"]

1. d4 d5 2. c4 dxc4 3. e4 c5 4. d5 e6 5. Nc3 exd5 6. Nxd5 Ne7 7. Bxc4 Nxd5 8. Bxd5 Be7 9. Nf3 0-0 10. 0-0 Qb6 11. Ne5 Be6 12. Qe2 Bxd5 13. exd5 Bd6 14. Nc4 Qc7 15. g3 Nd7 16. Be3 Nf6 17. Rfd1 Rfe8 18. Rac1 b6 19. Qf3 Rad8 20. Bg5 Be5 21. d6 Bxd6 22. Rxd6 Rxd6 23. Bf4 Qc6 24. Qa3 Rde6 25. Be3 Ng4 0-1

[Event "Vicente Lopez Cup CMSalud"]
[Site "Vicente Lopez"]
[Date "2004.07.10"]
[Round "2"]
[White "Molina, Jorge"]
[Black "Recoulat, Eduardo Juan"]
[Result "0-1"]
[WhiteElo "2281"]
[BlackElo "2301"]
[PlyCount "86"]
[EventDate "2004.07.09"]
[EventType "tourn"]
[EventRounds "11"]
[EventCountry "ARG"]
[EventCategory "2"]
[SourceTitle "CBM 101 Extra"]
[Source "ChessBase"]
[SourceDate "2004.09.01"]
[SourceVersion "2"]
[SourceVersionDate "2004.09.01"]
[SourceQuality "1"]

1. d4 d5 2. Nf3 Nf6 3. Bg5 Ne4 4. Bf4 c5 5. e3 Qb6 6. Qc1 cxd4 7. exd4 Nc6 8. c3 Bf5 9. Be2 Rc8 10. 0-0 e6 11. Nbd2 Be7 12. Be3 0-0 13. Nxe4 Bxe4 14. Ne5 Qc7 15. Nxc6 Qxc6 16. Qd2 b5 17. a3 a5 18. Rfc1 Qb7 19. Bf1 Bd6 20. Bf4 Rc6 21. Bxd6 Rxd6 22. Bd3 Bxd3 23. Qxd3 Rc8 24. h3 Rdc6 25. Qd2 h6 26. Re1 Rc4 27. Re3 b4 28. axb4 axb4 29. Rg3 Kh8 30. cxb4 Rxb4 31. Ra7 Qxa7 32. Qxb4 Rb8 33. Qd6 Qa1+ 34. Kh2 Qxb2 35. Qe5 f6 36. Qxe6 Qxd4 37. Qf7 Rg8 38. Rg4 Qe5+ 39. f4 Qd6 40. Kg1 d4 41. Qa2 d3 42. Qd2 Qc5+ 43. Kf1 Qc2 0-1

[Event "Buenos Aires Metropolitano op"]
[Site "Buenos Aires"]
[Date "2004.06.07"]
[Round "6"]
[White "Perdomo, Leandro Daniel"]
[Black "Recoulat, Eduardo Juan"]
[Result "1-0"]
[WhiteElo "2306"]
[BlackElo "2302"]
[PlyCount "141"]
[EventDate "2004.05.19"]
[EventType "swiss"]
[EventRounds "7"]
[EventCountry "ARG"]
[SourceTitle "EXT 2006"]
[Source "ChessBase"]
[SourceDate "2005.11.24"]
[SourceVersion "1"]
[SourceVersionDate "2005.11.24"]
[SourceQuality "1"]

1. d4 d5 2. c4 c6 3. Nf3 Nf6 4. e3 Bg4 5. Qb3 Qb6 6. Ne5 Be6 7. Nc3 g6 8. Bd3 Bg7 9. 0-0 0-0 10. Bd2 dxc4 11. Nxc4 Qc7 12. Qc2 Nbd7 13. b4 Nb6 14. Ne5 Rac8 15. f4 Nfd7 16. Nf3 Bc4 17. Rac1 e6 18. e4 Bxd3 19. Qxd3 Qd6 20. e5 Qe7 21. Ne4 Nd5 22. Nd6 Rb8 23. Rc2 a6 24. a4 N7b6 25. b5 cxb5 26. axb5 axb5 27. Qxb5 Nc8 28. Ne4 Na7 29. Qb3 Rfc8 30. Rfc1 Rxc2 31. Rxc2 Rc8 32. Rxc8+ Nxc8 33. Ne1 Qc7 34. Nd3 Bf8 35. g4 Qb6 36. Qxb6 Ncxb6 37. Nb2 Ba3 38. Nd3 Nc4 39. Kf2 b5 40. Ke2 Be7 41. Nc3 Nxc3+ 42. Bxc3 Nb6 43. Bb4 Kf8 44. Bxe7+ Kxe7 45. Nb4 Kd7 46. Kd3 Kc7 47. h3 Nd7 48. d5 exd5 49. Nxd5+ Kc6 50. Kd4 Nf8 51. f5 gxf5 52. gxf5 h6 53. h4 Nd7 54. Nb4+ Kc7 55. Nd5+ Kc6 56. e6 fxe6 57. fxe6 Nc5 58. Ke5 Nb7 59. Ne7+ Kc7 60. Nf5 Nd8 61. e7 Nc6+ 62. Ke6 Nxe7 63. Nxe7 Kd8 64. Nc6+ Ke8 65. h5 Kf8 66. Kf6 Kg8 67. Kg6 Kh8 68. Kxh6 Kg8 69. Kg6 Kh8 70. h6 b4 71. Ne5 1-0

[Event "Chesspangenberg op 1st"]
[Site "Buenos Aires"]
[Date "2003.11.13"]
[Round "9"]
[White "Recoulat, Eduardo Juan"]
[Black "Pierrot, Juan Facundo"]
[Result "0-1"]
[WhiteElo "2297"]
[BlackElo "2433"]
[PlyCount "96"]
[EventDate "2003.11.04"]
[EventType "swiss"]
[EventRounds "9"]
[EventCountry "ARG"]
[SourceTitle "EXT 2004"]
[Source "ChessBase"]
[SourceDate "2003.11.25"]
[SourceVersion "1"]
[SourceVersionDate "2003.11.25"]
[SourceQuality "1"]

1. d4 Nf6 2. c4 c6 3. Nc3 d5 4. cxd5 cxd5 5. Nf3 Nc6 6. Bf4 a6 7. Ne5 e6 8. e3 Be7 9. Bd3 0-0 10. 0-0 Bd7 11. a3 Rc8 12. Rc1 Na5 13. b4 Nc4 14. Bxc4 dxc4 15. Qf3 Bc6 16. Nxc6 Rxc6 17. Bg5 Rc7 18. Bxf6 Bxf6 19. Rfd1 b5 20. Ne4 Be7 21. Nc3 Rd7 22. g3 Qb6 23. Ne4 Rfd8 24. Nc5 Rd5 25. Qe2 h6 26. f4 Qc6 27. Kf2 a5 28. Qf3 Qa8 29. Qe2 Qa7 30. Qc2 Ra8 31. Qc3 Qb6 32. Ra1 Qc6 33. Rdb1 Rdd8 34. Kg1 Ra7 35. a4 axb4 36. Qxb4 Qf3 37. Re1 bxa4 38. Qxc4 a3 39. Qc3 a2 40. Qc2 Ra3 41. Qe2 Qd5 42. Rec1 Bf6 43. Rd1 Rb8 44. Kf2 Be7 45. Rd2 Rb1 46. e4 Rxa1 47. exd5 Rh1 48. Nb3 Rxh2+ 0-1

[Event "Villa Ballester op 52nd"]
[Site "Villa Ballester"]
[Date "2002.01.08"]
[Round "5"]
[White "Dos Santos, Ramiro"]
[Black "Recoulat, Eduardo Juan"]
[Result "1-0"]
[WhiteElo "2370"]
[BlackElo "2314"]
[PlyCount "95"]
[EventDate "2002.01.02"]
[EventType "swiss"]
[EventRounds "9"]
[EventCountry "ARG"]
[SourceTitle "CBM 086 Extra"]
[Source "ChessBase"]
[SourceDate "2002.03.14"]
[SourceVersion "1"]
[SourceVersionDate "2002.03.14"]
[SourceQuality "1"]

1. e4 d6 2. d4 Nf6 3. Nc3 g6 4. Nf3 Bg7 5. Be2 0-0 6. 0-0 c6 7. h3 Qc7 8. Bf4 Nbd7 9. e5 Ne8 10. exd6 Nxd6 11. Ne4 Nf6 12. Nxf6+ Bxf6 13. Be5 Bxe5 14. dxe5 Nf5 15. Qd2 Be6 16. Bd3 Rad8 17. Qf4 c5 18. Rfe1 c4 19. Bxf5 Bxf5 20. Qh6 f6 21. c3 Rd5 22. exf6 exf6 23. Nd4 Qd7 24. Re3 Re8 25. Rae1 Rde5 26. Qf4 Rxe3 27. Rxe3 Rxe3 28. Qxe3 Bb1 29. Qf4 Kg7 30. Qb8 a6 31. a4 Be4 32. a5 Bd5 33. Qf4 Qe7 34. Nc2 Qc5 35. Qe3 Qc7 36. Nd4 Qd6 37. h4 Qe5 38. Nc2 Qc7 39. f3 Bf7 40. Qe4 Qc5+ 41. Nd4 Qe5 42. Kf2 Qxe4 43. fxe4 Kf8 44. Ke3 Ke7 45. Nf3 Kd6 46. Kd4 Be6 47. Nd2 Kc6 48. Nxc4 1-0

[Event "Trenque Lauquen m 13th"]
[Site "Trenque Lauquen"]
[Date "2000.11.25"]
[Round "2"]
[White "Hobaica, Juan Pablo"]
[Black "Recoulat, Eduardo Juan"]
[Result "1-0"]
[WhiteElo "2306"]
[BlackElo "2215"]
[PlyCount "102"]
[EventDate "2000.11.25"]
[EventType "match"]
[EventRounds "4"]
[EventCountry "ARG"]
[SourceTitle "CBM 079 Extra"]
[Source "ChessBase"]
[SourceDate "2001.01.11"]
[SourceVersion "2"]
[SourceVersionDate "2001.01.25"]
[SourceQuality "1"]

1. d4 Nf6 2. c4 g6 3. Nc3 d5 4. cxd5 Nxd5 5. e4 Nxc3 6. bxc3 Bg7 7. Nf3 c5 8. Be3 0-0 9. Qd2 Qa5 10. Rb1 a6 11. Be2 Nc6 12. Rd1 Bg4 13. 0-0 Rfd8 14. Qb2 b5 15. h3 Bxf3 16. Bxf3 cxd4 17. cxd4 e5 18. d5 Nd4 19. Rc1 h5 20. Rc5 Rdc8 21. Rfc1 Rxc5 22. Rxc5 Bf8 23. Rc3 Bb4 24. Bxd4 exd4 25. Rc6 Bf8 26. Qe2 Re8 27. e5 d3 28. Qe3 Qxa2 29. e6 Qa1+ 30. Kh2 fxe6 31. dxe6 Bg7 32. Qxd3 Kh7 33. e7 Qe5+ 34. g3 Bf6 35. Bxh5 Qxh5 36. Rxf6 Rxe7 37. Rxa6 Rf7 38. Kg2 Qf5 39. Qxf5 Rxf5 40. h4 Rc5 41. Rb6 Kh6 42. Kh3 Rf5 43. Kg2 Rc5 44. g4 Rc4 45. Kg3 Rc5 46. h5 Kh7 47. Rxg6 b4 48. Rb6 Rc3+ 49. f3 Rc4 50. g5 Rd4 51. Rb7+ Kg8 1-0

[Event "Trenque Lauquen m 12th"]
[Site "Trenque Lauquen"]
[Date "2000.10.28"]
[Round "2"]
[White "Recoulat, Eduardo Juan"]
[Black "Malbran, Guillermo"]
[Result "0-1"]
[WhiteElo "2323"]
[BlackElo "2399"]
[PlyCount "46"]
[EventDate "2000.10.28"]
[EventType "match"]
[EventRounds "4"]
[EventCountry "ARG"]
[SourceTitle "EXT 2002"]
[Source "ChessBase"]
[SourceDate "2001.11.25"]
[SourceVersion "1"]
[SourceVersionDate "2001.11.25"]
[SourceQuality "1"]

1. d4 Nf6 2. c4 c5 3. d5 b5 4. cxb5 a6 5. b6 Qxb6 6. Nc3 d6 7. e4 g6 8. a4 Qb4 9. Qc2 Bg7 10. Bd2 0-0 11. a5 e6 12. Ra4 Qb7 13. Bc4 Re8 14. Nge2 Bd7 15. Ra3 exd5 16. Bxd5 Bc6 17. Rb3 Qc7 18. Rb6 Nxd5 19. exd5 Bxc3 20. Bxc3 Bb5 21. Rxb5 axb5 22. 0-0 b4 23. Bxb4 Qe7 0-1

[Event "Nueve de Julio IRT-2"]
[Site "Nueve de Julio"]
[Date "2000.08.19"]
[Round "2"]
[White "Pirotzky, Mario"]
[Black "Recoulat, Eduardo Juan"]
[Result "1/2-1/2"]
[WhiteElo "2175"]
[BlackElo "2215"]
[PlyCount "44"]
[EventDate "2000.08.18"]
[EventType "tourn"]
[EventRounds "7"]
[EventCountry "ARG"]
[SourceTitle "EXT 2001"]
[Source "ChessBase"]
[SourceDate "2000.11.22"]
[SourceVersion "1"]
[SourceVersionDate "2000.11.22"]
[SourceQuality "1"]

1. e4 c6 2. d4 d5 3. Nc3 dxe4 4. Nxe4 Bf5 5. Ng3 Bg6 6. Nf3 Nd7 7. h4 h6 8. Bd3 Bxd3 9. Qxd3 Qc7 10. Bd2 e6 11. 0-0-0 Ngf6 12. Ne4 0-0-0 13. g3 Nxe4 14. Qxe4 Nf6 15. Qe2 Bd6 16. Kb1 Rhe8 17. c4 c5 18. Bc3 cxd4 19. Nxd4 a6 20. Nb3 Qc6 21. Rhe1 Bc7 22. Nd4 Qc5 1/2-1/2